Slovakia nike liga quiz - Statistics

General Stats
  • This quiz has been taken 61 times
  • The average score is 10 of 12
Answer Stats
Picture Answer % Correct
Slovan Bratislava
100%
Spartak Trnava
92%
FC Košice
89%
MŠK Žilina
89%
AS Trenčin
82%
Dunajska Streda
79%
MFK DUKLA Banska Bystrica
79%
MFK Ružomberok
76%
FK Podbrezova
74%
Michalovce
74%
KFC Komarno
71%
MFK Skalica
63%
No matching quizzes found
Score Distribution
Percent of People with Each Score
Percentile by Number Answered
Your Score History
You have not taken this quiz